00512nam a2200157 i 4500001000300000100002300003245008100026260001900107040000800126041000800134942000700142008004100149999001700190856009800207952004900305bg1 aMIRONIUK, Jolanta. 0aZarys wybranych zagadnień z historii filozofii.nCz.2 /cJolanta Mironiuk. aGdynia,c1983. cBPK apol cKS s pl f |000 0 pol  c22121d22121 uhttp://koha.tu.koszalin.pl/cgi-bin/koha/opac-detail.pl?biblionumber=22121yKatalog online BPK 00104070aBPKbBPKcwo31077p01575460yKS